[Event "2BLW 2223 SC Heimbach-Weis-Neuwied - SC"]
[Site "?"]
[Date "2022.10.22"]
[Round "1.4"]
[White "Winterberg, Lukas"]
[Black "Omelja, Artem"]
[Result "1/2-1/2"]
[WhiteElo "2394"]
[BlackElo "2441"]
[PlyCount "117"]
[EventDate "2022.??.??"]

1. d4 d5 2. Nf3 Nf6 3. c4 e6 4. Nc3 Be7 5. g3 O-O 6. Bg2 b6 7. O-O Bb7 8. cxd5 Nxd5 9. Nxd5 exd5 10. Bf4 Nd7 11. Qa4 c5 12. Rfd1 Nf6 13. Ne5 Qe8 14. Qxe8 Rfxe8 15. e3 h6 16. g4 Rac8 17. dxc5 Rxc5 18. Nd3 Rc2 19. Rac1 Rec8 20. f3 Ba6 21. Rxc2 Rxc2 22. Be5 Bxd3 23. Rxd3 Bc5 24. Bf1 a5 25. a3 a4 26. h4 Kf8 27. Bd4 Bxd4 28. Rxd4 Rxb2 29. Rxa4 g5 30. hxg5 hxg5 31. Ra7 Ne8 32. Rd7 Nf6 33. Rb7 Ne8 34. a4 Nd6 35. Rb8+ Ke7 36. a5 b5 37. a6 Ra2 38. Bxb5 Nxb5 39. Rxb5 Rxa6 40. Rxd5 f6 41. Kf2 Ke6 42. Rf5 Ra2+ 43. Kg3 Kf7 44. f4 gxf4+ 45. exf4 Kg6 46. Rb5 Ra1 47. Rb6 Rg1+ 48. Kf3 Rf1+ 49. Ke3 Kf7 50. Ke4 Ra1 51. Rb7+ Kg6 52. f5+ Kh6 53. Rf7 Ra6 54. Kf4 Ra4+ 55. Kg3 Ra3+ 56. Kh4 Ra6 57. Re7 Ra1 58. Rf7 Ra6 59. Rxf6+ 1/2-1/2

[Event "2BLW 2223 SC Heimbach-Weis-Neuwied - SC"]
[Site "?"]
[Date "2022.10.22"]
[Round "1.1"]
[White "Kovchan, Alexander"]
[Black "Livaic, Leon"]
[Result "0-1"]
[WhiteElo "2478"]
[BlackElo "2574"]
[PlyCount "98"]
[EventDate "2022.??.??"]

1. e4 c5 2. Nf3 d6 3. d4 cxd4 4. Nxd4 Nf6 5. Nc3 a6 6. Be2 e5 7. Nb3 Be7 8. O-O O-O 9. Be3 Be6 10. Qd2 Nbd7 11. a4 b6 12. Rfd1 Re8 13. Qe1 Qc7 14. h3 Qb7 15. Nd2 Rec8 16. Qf1 Nc5 17. Bg5 Ne8 18. Bxe7 Qxe7 19. Nc4 Qc7 20. b3 Rab8 21. Bg4 Rd8 22. a5 b5 23. Nb6 Nf6 24. Qe1 Ncd7 25. Nxd7 Rxd7 26. Be2 Rc8 27. Rd3 h6 28. Bf1 Qb7 29. Rad1 Rdc7 30. Re3 Rc6 31. Rf3 Qc7 32. Na2 Rxc2 33. Nb4 Rc1 34. Rfd3 Rxd1 35. Rxd1 Ra8 36. Rd2 Qxa5 37. Rxd6 Bxb3 38. Rc6 Be6 39. Rc5 Rc8 40. Rxe5 Nd7 41. Rh5 Nf6 42. Rh4 Qa3 43. e5 Nd5 44. Nd3 Qc3 45. Qd1 a5 46. Re4 a4 47. Re1 a3 48. g4 b4 49. Bg2 a2 0-1

[Event "2BLW 2223 SC Heimbach-Weis-Neuwied - SC"]
[Site "?"]
[Date "2022.10.22"]
[Round "1.5"]
[White "Zavgorodniy, Sergiy"]
[Black "Krejci, Jan"]
[Result "0-1"]
[WhiteElo "2410"]
[BlackElo "2514"]
[PlyCount "86"]
[EventDate "2022.??.??"]

1. e4 e5 2. Nf3 Nc6 3. Bb5 a6 4. Bxc6 dxc6 5. O-O Qf6 6. d4 exd4 7. Bg5 Qd6 8. Nxd4 Be7 9. Be3 Bd7 10. Nc3 Nh6 11. h3 O-O-O 12. Qh5 Qg6 13. Qxg6 hxg6 14. Rad1 g5 15. f3 f6 16. g4 Nf7 17. Kg2 g6 18. Bf2 Nd6 19. b3 Nb5 20. Ndxb5 axb5 21. Ne2 b4 22. Rh1 Be6 23. f4 c5 24. f5 gxf5 25. gxf5 Bd7 26. Kf3 Bc6 27. Rxd8+ Rxd8 28. Be3 Bd6 29. Ng3 Rh8 30. h4 gxh4 31. Nf1 h3 32. Nd2 b5 33. Bf4 Kd7 34. Kg3 h2 35. Bxd6 Kxd6 36. Nf3 Bxe4 37. Rd1+ Kc6 38. Nxh2 Bxc2 39. Rd2 Bxf5 40. Rf2 Rg8+ 41. Kh4 Bb1 42. Rxf6+ Kd5 43. Rf2 Ra8 0-1

[Event "2BLW 2223 SC Heimbach-Weis-Neuwied - SC"]
[Site "?"]
[Date "2022.10.22"]
[Round "1.8"]
[White "Bukal, Vladimir Jr."]
[Black "Breest, Axel"]
[Result "1-0"]
[WhiteElo "2411"]
[BlackElo "1980"]
[PlyCount "79"]
[EventDate "2022.??.??"]

1. d4 Nf6 2. Nf3 c5 3. d5 b5 4. a4 b4 5. c4 g6 6. b3 d6 7. Bb2 Bg7 8. Nbd2 O-O 9. e4 e5 10. dxe6 Bxe6 11. Be2 Nc6 12. O-O Qc7 13. h3 Rad8 14. Qc2 h6 15. Ne1 Ne8 16. Bxg7 Nxg7 17. Ndf3 Ne5 18. Nd3 Bd7 19. Nf4 Ne6 20. Nd5 Qb8 21. Nh2 Nd4 22. Qd2 Kg7 23. f4 Nec6 24. Rab1 Nxe2+ 25. Qxe2 Nd4 26. Qb2 f6 27. Nf3 Nxf3+ 28. Rxf3 Bc6 29. Re3 Bxd5 30. exd5 Rfe8 31. Re6 Rxe6 32. dxe6 d5 33. cxd5 Rxd5 34. Re1 Qe8 35. e7 Kf7 36. Qc2 Rd7 37. Qc4+ Kg7 38. Qxc5 a5 39. Qc6 Kf7 40. Qe6+ 1-0

[Event "2BLW 2223 SC Heimbach-Weis-Neuwied - SC"]
[Site "?"]
[Date "2022.10.22"]
[Round "1.2"]
[White "Kraus, Tomas"]
[Black "Baklan, Vladimir"]
[Result "1-0"]
[WhiteElo "2479"]
[BlackElo "2573"]
[PlyCount "69"]
[EventDate "2022.??.??"]

1. d4 Nf6 2. c4 e6 3. Nc3 Bb4 4. e3 O-O 5. Bd2 d6 6. Bd3 e5 7. Nge2 exd4 8. exd4 c5 9. d5 Nbd7 10. f4 a6 11. a4 Ng4 12. O-O f5 13. h3 Nh6 14. Qc2 Nf6 15. Ng3 g6 16. b3 Qa5 17. Nge2 Bd7 18. Bc1 Rae8 19. Bb2 Qd8 20. Rae1 Nfg4 21. hxg4 Qh4 22. g3 Qh3 23. Rf2 Nxg4 24. Ref1 h5 25. Nd1 h4 26. Rg2 hxg3 27. Nxg3 Rf7 28. Be2 Rh7 29. Bxg4 Qxg4 30. Ne4 fxe4 31. Rxg4 Bxg4 32. Ne3 Bf5 33. Qg2 Kf7 34. Qg5 Rg8 35. Ng4 1-0

[Event "2BLW 2223 SC Heimbach-Weis-Neuwied - SC"]
[Site "?"]
[Date "2022.10.22"]
[Round "1.7"]
[White "Kolkin, Michail"]
[Black "Ronge, Tim"]
[Result "1-0"]
[WhiteElo "2307"]
[BlackElo "2262"]
[PlyCount "57"]
[EventDate "2022.??.??"]

1. Nf3 Nf6 2. g3 g6 3. b3 Bg7 4. Bb2 O-O 5. Bg2 d5 6. c4 c6 7. O-O a5 8. Nc3 Ne4 9. d4 a4 10. Nxe4 dxe4 11. Ne1 a3 12. Bc3 c5 13. Nc2 Nc6 14. e3 f5 15. Qd2 Qd6 16. Rad1 Rd8 17. Qc1 Qc7 18. Nxa3 cxd4 19. exd4 Nxd4 20. Bxd4 Rxd4 21. Rxd4 Bxd4 22. Nb5 Qb6 23. Nxd4 Qxd4 24. Rd1 Qe5 25. Rd8+ Kg7 26. a4 Qc7 27. Qc3+ e5 28. Re8 Ra5 29. Rxc8 1-0

[Event "2BLW 2223 SC Heimbach-Weis-Neuwied - SC"]
[Site "?"]
[Date "2022.10.22"]
[Round "1.6"]
[White "Polak, Tomas"]
[Black "Albrecht, Oliver"]
[Result "1-0"]
[WhiteElo "2502"]
[BlackElo "2174"]
[PlyCount "55"]
[EventDate "2022.??.??"]

1. Nf3 Nf6 2. c4 g6 3. Nc3 d5 4. cxd5 Nxd5 5. h4 h6 6. e4 Nxc3 7. dxc3 Qxd1+ 8. Kxd1 Bg4 9. Kc2 Bxf3 10. gxf3 e5 11. f4 Nd7 12. fxe5 Nxe5 13. f4 Nd7 14. h5 O-O-O 15. Bh3 c6 16. Be3 c5 17. hxg6 fxg6 18. Rag1 Re8 19. e5 Kc7 20. Rxg6 Nb6 21. Be6 Nd7 22. Rd1 Nb8 23. f5 Rh7 24. Bf4 Rd8 25. Rxd8 Kxd8 26. Rg8 Ke7 27. Bd5 Nc6 28. f6+ 1-0

[Event "2BLW 2223 SC Heimbach-Weis-Neuwied - SC"]
[Site "?"]
[Date "2022.10.22"]
[Round "1.3"]
[White "Hoffmann, Michael"]
[Black "Tica, Sven"]
[Result "1/2-1/2"]
[WhiteElo "2408"]
[BlackElo "2422"]
[PlyCount "51"]
[EventDate "2022.??.??"]

1. e4 c6 2. d4 d5 3. Nc3 dxe4 4. Nxe4 Nf6 5. Nxf6+ exf6 6. c3 Bd6 7. Bd3 Na6 8. Ne2 Nc7 9. Qc2 Nd5 10. Bd2 g6 11. O-O O-O 12. a3 f5 13. c4 Nf6 14. Rad1 Re8 15. Qc1 Qc7 16. h3 Bd7 17. Rfe1 Ne4 18. Bf4 Rad8 19. Bh6 Bc8 20. c5 Bf8 21. Bxf8 Kxf8 22. Nc3 Nf6 23. Rxe8+ Rxe8 24. Bc4 Be6 25. Bxe6 fxe6 26. Re1 1/2-1/2

[Event "2BLW 2223 SV Koblenz - SG Solingen II"]
[Site "?"]
[Date "2022.10.22"]
[Round "1.1"]
[White "Roseneck, Jonas"]
[Black "Feller, Sebastien"]
[Result "0-1"]
[WhiteElo "2414"]
[BlackElo "2542"]
[PlyCount "74"]
[EventDate "2022.??.??"]

1. d4 Nf6 2. c4 e6 3. Nc3 d5 4. Nf3 h6 5. g3 Bb4 6. Bg2 O-O 7. O-O Nc6 8. a3 Bxc3 9. bxc3 b6 10. cxd5 exd5 11. c4 Be6 12. Ne5 Na5 13. Bb2 c6 14. Qc2 b5 15. c5 Qc8 16. Rfe1 Nd7 17. Bc3 Nxe5 18. dxe5 Nc4 19. e4 Rd8 20. exd5 cxd5 21. Bd4 Rb8 22. Bf1 Na5 23. Rab1 Nc6 24. Ba1 Bf5 25. Bd3 Bxd3 26. Qxd3 d4 27. Rxb5 Rxb5 28. Qxb5 Qe6 29. Qe2 Rd5 30. f4 d3 31. Qf2 d2 32. Rd1 Qf5 33. Bc3 Rd8 34. Bb2 Qe4 35. Qg2 Qe1+ 36. Qf1 Qe4 37. Qg2 Qc2 0-1

[Event "2BLW 2223 SV Koblenz - SG Solingen II"]
[Site "?"]
[Date "2022.10.22"]
[Round "1.2"]
[White "Balog, Imre"]
[Black "Wegerle, Joerg"]
[Result "1-0"]
[WhiteElo "2594"]
[BlackElo "2411"]
[PlyCount "113"]
[EventDate "2022.??.??"]

1. d4 d5 2. Nf3 Nf6 3. c4 e6 4. Bg5 h6 5. Bh4 Be7 6. Nc3 O-O 7. e3 Ne4 8. Bxe7 Qxe7 9. Qc2 Nxc3 10. Qxc3 c6 11. Be2 Nd7 12. O-O dxc4 13. Bxc4 b6 14. b4 Bb7 15. Be2 a5 16. Rfb1 axb4 17. Rxb4 Rfc8 18. Qb2 Ba6 19. Bxa6 Rxa6 20. h3 Rca8 21. Rc4 c5 22. Rc2 Qd6 23. dxc5 Nxc5 24. Rd2 Qc7 25. Rc1 Qa7 26. Rcc2 Ne4 27. Rd4 Nf6 28. Qb1 Ra5 29. Rdc4 Rc5 30. Rxc5 bxc5 31. Ne5 Rc8 32. Rb2 Qc7 33. Nc4 Qc6 34. a4 Nd5 35. a5 Nb4 36. Rd2 Qa6 37. Qb3 Rb8 38. Rd6 Qb5 39. e4 Ra8 40. Rb6 Qd7 41. Rd6 Qe7 42. Qd1 Qf6 43. Qc1 Qh4 44. f3 Qe7 45. Qd2 Qf6 46. Qe3 Rc8 47. e5 Qh4 48. Nb6 Rc7 49. Rd7 Nd5 50. Qe4 Qxe4 51. fxe4 Rxd7 52. Nxd7 Nb4 53. Kf1 c4 54. Ke2 f6 55. Nb8 c3 56. a6 c2 57. Kd2 1-0

[Event "2BLW 2223 SV Koblenz - SG Solingen II"]
[Site "?"]
[Date "2022.10.22"]
[Round "1.3"]
[White "Halvax, Georg"]
[Black "Seul, Georg"]
[Result "1-0"]
[WhiteElo "2432"]
[BlackElo "2344"]
[PlyCount "61"]
[EventDate "2022.??.??"]

1. d4 Nf6 2. c4 e6 3. Nf3 Bb4+ 4. Nbd2 O-O 5. a3 Be7 6. e4 d6 7. Be2 a5 8. Qc2 Nfd7 9. O-O e5 10. Rd1 exd4 11. Nxd4 Nc6 12. Nb5 Nc5 13. Nf1 f5 14. Ne3 fxe4 15. Nd5 Bf5 16. Be3 Ne6 17. c5 Kh8 18. Nxe7 Qxe7 19. cxd6 cxd6 20. Nxd6 Bg6 21. Qb3 Rad8 22. Nb5 h6 23. Rxd8 Rxd8 24. Rd1 Rxd1+ 25. Qxd1 Qf6 26. Qd2 Qe5 27. Bc4 Nc5 28. Qd6 Qxd6 29. Nxd6 Nd3 30. b3 a4 31. bxa4 1-0

[Event "2BLW 2223 SV Koblenz - SG Solingen II"]
[Site "?"]
[Date "2022.10.22"]
[Round "1.4"]
[White "Fritsche, Lutz"]
[Black "Gaponenko, Inna"]
[Result "1/2-1/2"]
[WhiteElo "2306"]
[BlackElo "2348"]
[PlyCount "141"]
[EventDate "2022.??.??"]

1. e4 c5 2. Nc3 Nc6 3. f4 g6 4. Bb5 Nd4 5. Nf3 Bg7 6. Nxd4 cxd4 7. Ne2 Nf6 8. e5 Nd5 9. c3 dxc3 10. bxc3 O-O 11. d4 d6 12. O-O dxe5 13. fxe5 Bg4 14. Qb3 Rc8 15. Bd2 Nb6 16. Bg5 h6 17. Bf4 g5 18. Bg3 Qd5 19. Bd3 Nc4 20. Rae1 Rfd8 21. Nc1 Nd2 22. Qxd5 Rxd5 23. Rf2 Nc4 24. Be4 Rb5 25. a4 Rb2 26. Nd3 Rb3 27. Nc5 Rxc3 28. Bxb7 Rd8 29. Ne4 Rb3 30. Nc5 Rc3 31. Ne4 Re3 32. Rxe3 Nxe3 33. h3 Bc8 34. Bxc8 Rxc8 35. Rd2 Rc1+ 36. Kf2 Nc4 37. Rd3 Rc2+ 38. Kf3 Ra2 39. Nc5 Nd2+ 40. Ke3 Nc4+ 41. Kf3 e6 42. d5 exd5 43. Rxd5 Kh7 44. e6 fxe6 45. Nxe6 Nd2+ 46. Kg4 Kg6 47. Be1 Rxa4+ 48. Kg3 Ne4+ 49. Kf3 Bc3 50. Bxc3 Nxc3 51. Rd6 Kf7 52. Nd4 h5 53. g4 hxg4+ 54. hxg4 Ra3 55. Kg2 Ne4 56. Re6 Nf6 57. Re5 Ra4 58. Nc6 Rxg4+ 59. Kh3 Rh4+ 60. Kg2 Rg4+ 61. Kh3 Ra4 62. Rxg5 a6 63. Kg2 Ke6 64. Kf1 Ne4 65. Ra5 Rxa5 66. Nxa5 Kd5 67. Ke2 Kc5 68. Kd3 Kb5 69. Kxe4 Kxa5 70. Kd3 Kb4 71. Kc2 1/2-1/2

[Event "2BLW 2223 SV Koblenz - SG Solingen II"]
[Site "?"]
[Date "2022.10.22"]
[Round "1.5"]
[White "Schlecht, Daniel"]
[Black "Hammes, Michael"]
[Result "0-1"]
[WhiteElo "2373"]
[BlackElo "2336"]
[PlyCount "92"]
[EventDate "2022.??.??"]

1. e4 e6 2. d4 d5 3. e5 c5 4. c3 Qb6 5. Nf3 Nc6 6. Be2 cxd4 7. cxd4 Nh6 8. Bxh6 Qxb2 9. Nbd2 gxh6 10. O-O Qb6 11. Nb3 Bg7 12. Bd3 O-O 13. Qb1 f5 14. Qc1 Qd8 15. Qd2 Ne7 16. Rfc1 Rf7 17. Rc3 Ng6 18. Rac1 b6 19. Rc6 Bf8 20. Qc3 Bd7 21. Rc7 Rg7 22. Bf1 a5 23. Qe3 Be8 24. Rxg7+ Kxg7 25. Qc3 Bd7 26. Qc7 Be7 27. Qxd8 Bxd8 28. Ne1 Kf7 29. Nd2 Ke8 30. Nb1 b5 31. Na3 Rb8 32. Nb1 Bb6 33. Nf3 b4 34. Nbd2 a4 35. g3 Ne7 36. Rb1 Ba7 37. Rd1 Nc6 38. Nb1 Na5 39. Be2 Rc8 40. Bd3 b3 41. axb3 Nxb3 42. Na3 Nxd4 43. Nxd4 Bxd4 44. Ba6 Ra8 45. Bb7 Rb8 46. Bxd5 Bc5 0-1

[Event "2BLW 2223 SV Koblenz - SG Solingen II"]
[Site "?"]
[Date "2022.10.22"]
[Round "1.6"]
[White "Doncevic, Dario"]
[Black "Schaefer, Markus"]
[Result "1/2-1/2"]
[WhiteElo "2222"]
[BlackElo "2358"]
[PlyCount "28"]
[EventDate "2022.??.??"]

1. e4 e6 2. d3 d5 3. Nd2 Nf6 4. Ngf3 Nc6 5. g3 dxe4 6. dxe4 Bc5 7. Bg2 e5 8. O-O O-O 9. Qe2 b6 10. Nb3 Bd6 11. Rd1 a5 12. a4 Ba6 13. c4 Qe7 14. Bh3 Nd7 1/2-1/2

[Event "2BLW 2223 SV Koblenz - SG Solingen II"]
[Site "?"]
[Date "2022.10.22"]
[Round "1.7"]
[White "Berg, Michael"]
[Black "Repplinger, Marc"]
[Result "1-0"]
[WhiteElo "2313"]
[BlackElo "2190"]
[PlyCount "77"]
[EventDate "2022.??.??"]

1. d4 e6 2. c4 Nf6 3. g3 c5 4. d5 exd5 5. cxd5 d6 6. Bg2 g6 7. Nc3 Bg7 8. Nf3 O-O 9. O-O Re8 10. Nd2 Nbd7 11. h3 a6 12. a4 Rb8 13. Nc4 Ne5 14. Na3 Nh5 15. Bd2 f5 16. Rb1 f4 17. Bxf4 Nxf4 18. gxf4 Nf7 19. Qd3 Qh4 20. Qg3 Qxg3 21. fxg3 Bf5 22. Rbe1 Re3 23. Rf3 Bd4 24. Rxe3 Bxe3+ 25. Kf1 b5 26. axb5 axb5 27. Ncxb5 Bd7 28. Nc3 Rxb2 29. Nc4 Rb3 30. Nxe3 Rxc3 31. Kf2 g5 32. Rb1 gxf4 33. gxf4 Kf8 34. Rb7 Ke8 35. Be4 Nd8 36. Ra7 Rb3 37. Bxh7 Bxh3 38. Nc4 Bd7 39. Nxd6+ 1-0

[Event "2BLW 2223 SV Koblenz - SG Solingen II"]
[Site "?"]
[Date "2022.10.22"]
[Round "1.8"]
[White "Polster, Wolfgang"]
[Black "Asadzade, Idris"]
[Result "0-1"]
[WhiteElo "2252"]
[BlackElo "2205"]
[PlyCount "100"]
[EventDate "2022.??.??"]

1. e4 c5 2. Nf3 d6 3. Bb5+ Nd7 4. O-O a6 5. Bd3 Ngf6 6. Re1 g6 7. a4 Bg7 8. c3 O-O 9. Bc2 e5 10. d3 Re8 11. h3 h6 12. Bb3 Nf8 13. Nbd2 b6 14. Nc4 Bb7 15. Bd2 Ne6 16. Qc1 Kh7 17. Qc2 b5 18. axb5 axb5 19. Rxa8 Bxa8 20. Na3 Qd7 21. c4 b4 22. Nb5 Nc7 23. Ra1 Nxb5 24. cxb5 Rb8 25. Bc4 d5 26. exd5 Nxd5 27. Ne1 Nf4 28. Be3 Rc8 29. f3 Nd5 30. Bf2 Nb6 31. Ra6 Nxc4 32. dxc4 f5 33. Nd3 e4 34. Nxc5 Qe7 35. fxe4 fxe4 36. Be3 Qe5 37. b3 Qg3 38. Qf2 Qe5 39. Ra7 Rd8 40. g3 Rd1+ 41. Kh2 Rb1 42. Bd4 Rh1+ 43. Kxh1 e3+ 44. Rxa8 exf2 45. Bxf2 Qb2 46. Kg2 Bd4 47. Nd3 Qd2 48. Rf8 Qxd3 49. Bxd4 Qxd4 50. g4 Qb2+ 0-1

[Event "2BLW 2223 Aachener SV - Düsseldorfer S"]
[Site "?"]
[Date "2022.10.22"]
[Round "1.1"]
[White "Berelowitsch, Alexander"]
[Black "Seel, Christian"]
[Result "1/2-1/2"]
[WhiteElo "2497"]
[BlackElo "2488"]
[PlyCount "60"]
[EventDate "2022.??.??"]

1. e4 e5 2. Nf3 Nc6 3. Bb5 Nf6 4. O-O Nxe4 5. d4 Nd6 6. Bxc6 dxc6 7. dxe5 Nf5 8. Qxd8+ Kxd8 9. Nc3 Ke8 10. h3 h5 11. b3 Bb4 12. Ne4 Be6 13. Bd2 Be7 14. Bg5 a5 15. a4 Rd8 16. Rad1 Bxg5 17. Nexg5 Ke7 18. Nxe6 fxe6 19. g3 Rd5 20. c4 Rdd8 21. Kg2 c5 22. Rfe1 Rhf8 23. Rxd8 Rxd8 24. g4 hxg4 25. hxg4 Nd4 26. Re3 Nc2 27. Re4 Nd4 28. Re3 Nc2 29. Rc3 Nb4 30. Re3 Nc2 1/2-1/2

[Event "2BLW 2223 Aachener SV - Düsseldorfer S"]
[Site "?"]
[Date "2022.10.22"]
[Round "1.2"]
[White "Nagy, Gabor"]
[Black "Orlov, Andrey"]
[Result "0-1"]
[WhiteElo "2488"]
[BlackElo "2510"]
[PlyCount "120"]
[EventDate "2022.??.??"]

1. c4 e5 2. Nc3 Nc6 3. Nf3 f5 4. g3 Nf6 5. d4 e4 6. Nh4 d6 7. Ng2 g6 8. Bg5 Bg7 9. Nf4 Ne7 10. e3 O-O 11. Be2 c6 12. O-O h6 13. Bxf6 Bxf6 14. f3 exf3 15. Bxf3 g5 16. Nd3 Bd7 17. Rc1 Ng6 18. Bh5 Kg7 19. Qc2 Qe7 20. Rce1 Rae8 21. Kh1 Qd8 22. Re2 Re7 23. Ne1 Qc8 24. Ng2 Nh8 25. Ref2 Be6 26. Qd3 d5 27. cxd5 cxd5 28. Bd1 Ng6 29. Bc2 Ref7 30. g4 Ne7 31. gxf5 Bd7 32. e4 dxe4 33. Nxe4 Bc6 34. Bb3 Nd5 35. Nd6 Qd7 36. Nxf7 Rxf7 37. Kg1 Re7 38. Rd1 Qe8 39. Qd2 Re4 40. Re1 Rxe1+ 41. Nxe1 Qe4 42. Nf3 Nf4 43. d5 Nh3+ 44. Kg2 Qg4+ 45. Kh1 Bb5 46. Bd1 Nxf2+ 47. Qxf2 Qxf5 48. Kg1 Qxd5 49. Bb3 Qe4 50. Qg3 Qb1+ 51. Ne1 Bd4+ 52. Kg2 Qxb2+ 53. Nc2 Be5 54. Qf2 Bc6+ 55. Kf1 Qc1+ 56. Ne1 Qf4 57. h3 Bb5+ 58. Kg2 Qh2+ 59. Kf3 Qxh3+ 60. Ke4 Bf6 0-1

[Event "2BLW 2223 Aachener SV - Düsseldorfer S"]
[Site "?"]
[Date "2022.10.22"]
[Round "1.3"]
[White "Levin, Felix"]
[Black "Koch, Thomas"]
[Result "1-0"]
[WhiteElo "2451"]
[BlackElo "2446"]
[PlyCount "71"]
[EventDate "2022.??.??"]

1. d4 Nf6 2. c4 e6 3. Nc3 Bb4 4. e3 O-O 5. Bd2 d5 6. Nf3 c5 7. a3 Bxc3 8. Bxc3 cxd4 9. Nxd4 b6 10. Be2 Bb7 11. O-O Nbd7 12. Rc1 Nc5 13. b4 Nce4 14. Bb2 dxc4 15. Bxc4 Rc8 16. Nxe6 fxe6 17. Bxe6+ Kh8 18. Bxc8 Bxc8 19. Qxd8 Rxd8 20. Rfd1 Rf8 21. f3 Ng5 22. Rc7 Be6 23. Bxf6 gxf6 24. Rxa7 Rg8 25. Kf2 Rc8 26. Rd6 Bg8 27. Rxf6 Rc2+ 28. Kg3 Ne6 29. a4 Rb2 30. b5 Rb3 31. e4 Ra3 32. Re7 Ng7 33. Rxb6 Rxa4 34. Rb8 Rd4 35. b6 Rd6 36. Rbb7 1-0

[Event "2BLW 2223 Aachener SV - Düsseldorfer S"]
[Site "?"]
[Date "2022.10.22"]
[Round "1.4"]
[White "Vandenbussche, Thibaut"]
[Black "Stark, Lars"]
[Result "1/2-1/2"]
[WhiteElo "2418"]
[BlackElo "2365"]
[PlyCount "105"]
[EventDate "2022.??.??"]

1. e4 e5 2. Nf3 Nf6 3. Nc3 Nc6 4. Bb5 Bb4 5. O-O O-O 6. Bxc6 dxc6 7. d3 Re8 8. Ne2 Bg4 9. Ng3 Nh5 10. h3 Nxg3 11. fxg3 Bd7 12. g4 Qe7 13. g5 a5 14. Nh4 g6 15. Qf3 Be6 16. Be3 Rad8 17. Qf2 a4 18. Nf3 Bd6 19. Kh1 Bc8 20. d4 exd4 21. Bxd4 Qf8 22. Rae1 Be6 23. b3 axb3 24. cxb3 Bb4 25. Rd1 h5 26. gxh6 Qxh6 27. Bf6 Rxd1 28. Rxd1 Qf4 29. Be5 Qxe4 30. Ba1 Be7 31. Qb2 f6 32. Re1 Qd5 33. Qe2 Bf7 34. Rd1 Qe6 35. Qb2 Qf5 36. Nh2 Bd5 37. Ng4 Qe4 38. Qf2 Bd8 39. Bxf6 Rf8 40. Rd4 Qxg2+ 41. Qxg2 Bxg2+ 42. Kxg2 Bxf6 43. Rd7 Bg7 44. Rxc7 Rf7 45. Rxf7 Kxf7 46. Kf3 Ke6 47. Ke4 Bc3 48. Nf2 Be5 49. Nd3 Bd6 50. a4 Kf6 51. Ne1 Be5 52. Nd3 Bd6 53. Ne1 1/2-1/2

[Event "2BLW 2223 Aachener SV - Düsseldorfer S"]
[Site "?"]
[Date "2022.10.22"]
[Round "1.5"]
[White "De Gleria, Francesco"]
[Black "Klein, Felix"]
[Result "1-0"]
[WhiteElo "2373"]
[BlackElo "2275"]
[PlyCount "127"]
[EventDate "2022.??.??"]

1. e4 e5 2. Nf3 Nc6 3. d4 exd4 4. Nxd4 Nf6 5. Nc3 Bb4 6. Nxc6 bxc6 7. Bd3 d5 8. Bd2 Bxc3 9. Bxc3 dxe4 10. Be2 O-O 11. Qxd8 Rxd8 12. Ba5 Nd5 13. O-O-O Bf5 14. g3 Re8 15. Rd4 e3 16. f3 Re5 17. Rhd1 Rae8 18. Be1 Nb6 19. b3 f6 20. c4 c5 21. Rd8 Kf8 22. g4 Bc8 23. h4 Bb7 24. Bg3 R5e7 25. Bf4 Kf7 26. Rxe8 Kxe8 27. Rd3 Bxf3 28. Bxf3 e2 29. Bxe2 Rxe2 30. Bxc7 Rxa2 31. Bd6 Rg2 32. Bxc5 Rxg4 33. Bf2 Rf4 34. Bg3 Rf5 35. Bb8 a5 36. Rd6 Nd7 37. Ba7 h5 38. Rc6 g5 39. Rc8+ Ke7 40. c5 Nxc5 41. Rxc5 Rxc5+ 42. Bxc5+ Kd7 43. Bf2 Kc6 44. Kb2 Kd5 45. Be1 Ke4 46. Ka3 Kf3 47. Ka4 Kg4 48. hxg5 fxg5 49. Bxa5 Kh3 50. b4 g4 51. b5 g3 52. Be1 Kg2 53. Bxg3 Kxg3 54. b6 h4 55. b7 h3 56. b8=Q+ Kg2 57. Qb7+ Kg1 58. Qb6+ Kg2 59. Qc6+ Kg1 60. Qc5+ Kh1 61. Qd5+ Kg1 62. Qd4+ Kf1 63. Qf4+ Kg2 64. Qg4+ 1-0

[Event "2BLW 2223 Aachener SV - Düsseldorfer S"]
[Site "?"]
[Date "2022.10.22"]
[Round "1.6"]
[White "Sonntag, Hans-Hubert"]
[Black "Agrest, Inna"]
[Result "1-0"]
[WhiteElo "2312"]
[BlackElo "2260"]
[PlyCount "121"]
[EventDate "2022.??.??"]

1. d4 Nf6 2. c4 g6 3. Nc3 Bg7 4. e4 d6 5. f3 O-O 6. Nge2 Nbd7 7. Be3 a6 8. Qd2 b5 9. cxb5 axb5 10. Nxb5 c6 11. Na3 e5 12. Nc3 d5 13. exd5 Nxd5 14. Nxd5 cxd5 15. Nc2 Re8 16. Kf2 exd4 17. Bxd4 Ne5 18. Bb5 Bd7 19. Bxd7 Qxd7 20. b3 Qf5 21. Rhd1 Bh6 22. Qc3 Rac8 23. Bc5 Ng4+ 24. Kg1 Ne3 25. Nxe3 Bxe3+ 26. Qxe3 Rxe3 27. Bxe3 Rc2 28. Bf2 h5 29. a4 Qe5 30. a5 Qb2 31. Rdb1 Qc3 32. a6 Qd2 33. Rf1 Rc8 34. a7 Ra8 35. Rfd1 Qb2 36. Bd4 Qe2 37. b4 h4 38. h3 Kh7 39. Bf2 Qb5 40. Ra5 Qxb4 41. Raxd5 Qa3 42. Rd7 Qa2 43. R1d4 g5 44. R4d5 Qa1+ 45. Kh2 Qf6 46. Rd1 Rc8 47. Kh1 g4 48. hxg4 h3 49. Kh2 Rh8 50. R1d6 Qe5+ 51. Bg3 Qa1 52. Rd1 Qa2 53. R1d2 Qa1 54. gxh3 Kg6 55. h4 Rc8 56. h5+ Kg7 57. Bf2 Qa3 58. Kg2 Qa6 59. Rd8 Kh7 60. Rxc8 Qxc8 61. Rb2 1-0

[Event "2BLW 2223 Aachener SV - Düsseldorfer S"]
[Site "?"]
[Date "2022.10.22"]
[Round "1.7"]
[White "von Buenau, Heinrich"]
[Black "Begnis, Nikolaos"]
[Result "1/2-1/2"]
[WhiteElo "2200"]
[BlackElo "2262"]
[PlyCount "69"]
[EventDate "2022.??.??"]

1. d4 Nf6 2. Nf3 g6 3. g3 Bg7 4. Bg2 O-O 5. O-O d6 6. c4 c5 7. Nc3 Nc6 8. h3 cxd4 9. Nxd4 Bd7 10. Be3 Qc8 11. Nxc6 bxc6 12. Kh2 Qa6 13. Rc1 Qa5 14. Bd2 Qh5 15. e4 Ng4+ 16. Kg1 Ne5 17. Qxh5 gxh5 18. b3 h4 19. g4 a5 20. Na4 Rfb8 21. Rcd1 Ng6 22. Be3 c5 23. Nxc5 dxc5 24. Rxd7 a4 25. Rfd1 axb3 26. axb3 Bd4 27. Bxd4 cxd4 28. R7xd4 Rxb3 29. R4d3 Rxd3 30. Rxd3 Ra1+ 31. Kh2 Rc1 32. Rd8+ Kg7 33. Rc8 Rc2 34. Kg1 Rc1+ 35. Kh2 1/2-1/2

[Event "2BLW 2223 Aachener SV - Düsseldorfer S"]
[Site "?"]
[Date "2022.10.22"]
[Round "1.8"]
[White "Meessen, Rudolf"]
[Black "Rudolph, Eva"]
[Result "1-0"]
[WhiteElo "2162"]
[BlackElo "1911"]
[PlyCount "129"]
[EventDate "2022.??.??"]

1. d4 d5 2. Nc3 Nf6 3. Bf4 Bf5 4. e3 e6 5. Bd3 Bxd3 6. cxd3 Bd6 7. Qb3 Qc8 8. Bxd6 cxd6 9. Nb5 Ke7 10. Nf3 Rd8 11. O-O a6 12. Nc3 Nc6 13. e4 dxe4 14. dxe4 Kf8 15. Rac1 Qd7 16. Rfd1 Qe7 17. d5 exd5 18. Nxd5 Nxd5 19. Rxd5 Qxe4 20. Ng5 Qg6 21. Qxb7 Ne5 22. f4 h6 23. fxe5 Qxg5 24. Rf1 Qe7 25. Qxe7+ Kxe7 26. exd6+ Ke6 27. Rd3 Rd7 28. Re3+ Kd5 29. Rd1+ Kc6 30. Rc3+ Kb6 31. Rdc1 Rxd6 32. Rb3+ Ka5 33. Rb7 Rad8 34. Rc5+ Ka4 35. Rc4+ Ka5 36. b3 Rd1+ 37. Kf2 R1d2+ 38. Ke3 R2d3+ 39. Ke4 f5+ 40. Kxf5 R3d5+ 41. Kg6 R8d6+ 42. Kh7 Rb6 43. Ra4+ Kb5 44. Rb4+ Kxb4 45. Rxb6+ Ka5 46. Rg6 Rd2 47. Kxg7 h5 48. a3 Ra2 49. Rg5+ Kb6 50. a4 h4 51. Rg4 Rb2 52. b4 Ra2 53. Rg6+ Ka7 54. b5 axb5 55. axb5 Rb2 56. b6+ Kb7 57. h3 Rd2 58. Kh6 Rd5 59. Rg5 Rd4 60. Kh5 Kxb6 61. Rg4 Rd5+ 62. Kxh4 Kc6 63. Re4 Kd6 64. g4 Kd7 65. g5 1-0

[Event "2BLW 2223 SG Porz - SV Mülheim Nord II"]
[Site "?"]
[Date "2022.10.22"]
[Round "1.1"]
[White "Lenaerts, Lennert"]
[Black "Lutz, Christopher"]
[Result "1/2-1/2"]
[WhiteElo "2375"]
[BlackElo "2532"]
[PlyCount "43"]
[EventDate "2022.??.??"]

1. e4 c5 2. Nf3 d6 3. Bb5+ Bd7 4. Bxd7+ Qxd7 5. c4 Nf6 6. Nc3 g6 7. d4 cxd4 8. Nxd4 Bg7 9. f3 O-O 10. Be3 a6 11. O-O Nc6 12. Qd3 Ne5 13. Qe2 Qc7 14. b3 e6 15. Rac1 Rac8 16. h3 Ned7 17. Rfd1 Rfd8 18. Qd2 Qb8 19. Nde2 Bf8 20. a4 Qc7 21. Bd4 Bg7 22. Kh1 1/2-1/2